<?xml version="1.0" encoding="UTF-8"?>
<record
    xmlns:xsi="http://www.w3.org/2001/XMLSchema-instance"
    xsi:schemaLocation="http://www.loc.gov/MARC21/slim http://www.loc.gov/standards/marcxml/schema/MARC21slim.xsd"
    xmlns="http://www.loc.gov/MARC21/slim">

  <leader>01040nam a22001817a 4500</leader>
  <controlfield tag="008">120723t        xxu||||| |||| 00| 0 eng d</controlfield>
  <datafield tag="020" ind1=" " ind2=" ">
    <subfield code="a">0760049602</subfield>
  </datafield>
  <datafield tag="050" ind1=" " ind2=" ">
    <subfield code="a">QA76.9.A73</subfield>
  </datafield>
  <datafield tag="100" ind1=" " ind2=" ">
    <subfield code="a">Burd, Stephen D.</subfield>
  </datafield>
  <datafield tag="245" ind1=" " ind2=" ">
    <subfield code="a">Systems architecture: hardware and software in business information systems. /</subfield>
    <subfield code="c">Stephen D. Burd,</subfield>
  </datafield>
  <datafield tag="250" ind1=" " ind2=" ">
    <subfield code="a">2nd ed.</subfield>
  </datafield>
  <datafield tag="260" ind1=" " ind2=" ">
    <subfield code="a">Cambridge:</subfield>
    <subfield code="b">Course Technology,</subfield>
    <subfield code="c">c1998.</subfield>
  </datafield>
  <datafield tag="300" ind1=" " ind2=" ">
    <subfield code="a">xxiv, 736 p.:</subfield>
    <subfield code="b">ill</subfield>
    <subfield code="c">23.</subfield>
  </datafield>
  <datafield tag="500" ind1=" " ind2=" ">
    <subfield code="a">Includes index.</subfield>
  </datafield>
  <datafield tag="505" ind1=" " ind2=" ">
    <subfield code="a">Contents: Systems architecture: an introduction -- Computer hardware -- Computer software -- Data representation -- Processor technology and arcitecture -- Data storage technology -- System integration and performance -- Data and network communication technology -- Networks and distributed systems -- Input/output technology -- Applications development -- Operating systems -- Mass storage access and management -- Operating system input/output -- System administration -- Appendix: Units of measurement.</subfield>
  </datafield>
  <datafield tag="650" ind1=" " ind2=" ">
    <subfield code="b">System architecture.</subfield>
  </datafield>
  <datafield tag="942" ind1=" " ind2=" ">
    <subfield code="2">lcc</subfield>
    <subfield code="c">BK</subfield>
  </datafield>
  <datafield tag="999" ind1=" " ind2=" ">
    <subfield code="c">1794</subfield>
    <subfield code="d">9294</subfield>
  </datafield>
  <datafield tag="952" ind1=" " ind2=" ">
    <subfield code="0">0</subfield>
    <subfield code="1">0</subfield>
    <subfield code="2">lcc</subfield>
    <subfield code="4">0</subfield>
    <subfield code="7">0</subfield>
    <subfield code="a">WIUC-1</subfield>
    <subfield code="b">WIUC-1</subfield>
    <subfield code="c">GEN</subfield>
    <subfield code="d">2012-07-23</subfield>
    <subfield code="l">0</subfield>
    <subfield code="o">QA76.9.A73</subfield>
    <subfield code="p">5499/12</subfield>
    <subfield code="r">2012-07-23 00:00:00</subfield>
    <subfield code="t">1</subfield>
    <subfield code="w">2012-07-23</subfield>
    <subfield code="y">BK</subfield>
  </datafield>
  <datafield tag="952" ind1=" " ind2=" ">
    <subfield code="0">0</subfield>
    <subfield code="1">0</subfield>
    <subfield code="2">lcc</subfield>
    <subfield code="4">0</subfield>
    <subfield code="7">0</subfield>
    <subfield code="a">WIUC-1</subfield>
    <subfield code="b">WIUC-1</subfield>
    <subfield code="c">GEN</subfield>
    <subfield code="d">2012-07-23</subfield>
    <subfield code="l">0</subfield>
    <subfield code="o">QA76.9.A731</subfield>
    <subfield code="p">5500/12</subfield>
    <subfield code="r">2012-07-23 00:00:00</subfield>
    <subfield code="t">2</subfield>
    <subfield code="w">2012-07-23</subfield>
    <subfield code="y">BK</subfield>
  </datafield>
  <datafield tag="952" ind1=" " ind2=" ">
    <subfield code="0">0</subfield>
    <subfield code="1">0</subfield>
    <subfield code="2">lcc</subfield>
    <subfield code="4">0</subfield>
    <subfield code="7">0</subfield>
    <subfield code="a">WIUC-1</subfield>
    <subfield code="b">WIUC-1</subfield>
    <subfield code="c">GEN</subfield>
    <subfield code="d">2012-07-23</subfield>
    <subfield code="l">0</subfield>
    <subfield code="o">QA76.9.A732</subfield>
    <subfield code="p">5501/12</subfield>
    <subfield code="r">2012-07-23 00:00:00</subfield>
    <subfield code="t">3</subfield>
    <subfield code="w">2012-07-23</subfield>
    <subfield code="y">BK</subfield>
  </datafield>
</record>
